Statistics for 5-Letter Music Chain

Click here to take the quiz!

General Stats

  • This quiz has been taken 54,471 times
    (43,426 since last reset)
  • The average score is 17 of 27

Answer Stats

HintAnswer% Correct
Eagles song: _____ CaliforniaHotel
96%
Part of the words to a songLyric
91%
Larger than a violaCello
89%
Band that recorded "Wonderwall"Oasis
81%
Pour some _____ on meSugar
78%
Where Amy Winehouse didn't
want to go, no no no
Rehab
77%
Has albums entitled "19", "21", and "25"Adele
76%
Leader singer of the PoliceSting
73%
Vedder or Van HalenEddie
71%
1970s musical genreDisco
68%
"La bohème" or "The Magic Flute", e.g.Opera
68%
2004 Britney Spears songToxic
68%
Group of three or more notes
played together
Chord
65%
Bank robbery or Macklemore's first albumHeist
64%
Largo, Allegro, or Presto, e.g.Tempo
59%
Where Willie Nelson is fromTexas
59%
I'll never be your _____ of burdenBeast
57%
J.S. Bach's instrumentOrgan
57%
Dance made famous by Chubby CheckerTwist
56%
Type of guy that TLC doesn't wantScrub
54%
Chamillionaire was Ridin' Dirty but
Weird Al was White and _____
Nerdy
50%
Canadian rockers: The _____ WhoGuess
49%
Song in "Back to the Future": _____ AngelEarth
45%
Alt-rock pioneers: Sonic _____Youth
45%
Band led by Ann and Nancy WilsonHeart
36%
Style of jazz exemplified by Charlie ParkerBebop
33%
Vermont-based jam bandPhish
23%

Score Distribution

Percentile by Number Answered

Percent of People with Each Score

Your Score History

You have not taken this quiz since the last reset